[Event "XX Miedzynarodowy Festiwal Szachowy w P"]
[Site "Poznan"]
[Date "2011.08.14"]
[Round "9.1"]
[White "Szelag, Marcin"]
[Black "Ancuta, Adam"]
[Result "1-0"]
[WhiteElo "2478"]
[BlackElo "1866"]
[PlyCount "112"]
[EventDate "2011.08.07"]
[EventType "swiss"]
[EventRounds "9"]
[EventCountry "POL"]

1. e4 e5 2. Nf3 Nc6 3. Bb5 a6 4. Ba4 Nf6 5. O-O d6 6. Re1 b5 7. Bb3 Be7 8. c3
O-O 9. h3 Na5 10. Bc2 c5 11. d4 Qc7 12. Nbd2 cxd4 13. cxd4 Nc6 14. Nb3 Bb7 15.
d5 Na5 16. Nxa5 Qxa5 17. a4 Rfc8 18. Bg5 b4 19. Bd3 Qd8 20. Be3 a5 21. Nd2 Nd7
22. Bb5 Nc5 23. Nc4 Ba6 24. b3 h6 25. f3 Rab8 26. Bxc5 Bxb5 27. Bxd6 Bxd6 28.
axb5 Rxb5 29. Qd3 Rbc5 30. Re2 Qd7 31. Rea2 Ra8 32. Kh1 Qd8 33. f4 f6 34. f5
Qc7 35. Ra4 Ra7 36. Kh2 Bf8 37. R1a2 Kh7 38. h4 Ra6 39. h5 Be7 40. g3 Qa7 41.
Kh3 Bd6 42. Qe3 Qc7 43. Qe2 Ra8 44. Qd3 Ra7 45. Kh4 Kh8 46. Qe3 Ra6 47. Qe2 Ra7
48. Qd1 Rb5 49. Qa1 Qc5 50. Nxd6 Qxd6 51. Rxa5 Raxa5 52. Rxa5 Qb6 53. Ra8+ Kh7
54. Qa7 Qd4 55. Qxd4 exd4 56. d6 Rb6 1-0

[Event "XX Miedzynarodowy Festiwal Szachowy w P"]
[Site "Poznan"]
[Date "2011.08.14"]
[Round "9.4"]
[White "Warakomski, Tomasz"]
[Black "Zakrzewski, Marek"]
[Result "1-0"]
[WhiteElo "2473"]
[BlackElo "2097"]
[PlyCount "59"]
[EventDate "2011.08.07"]
[EventType "swiss"]
[EventRounds "9"]
[EventCountry "POL"]

1. e4 e5 2. Nf3 Nc6 3. Nc3 Nf6 4. a3 d5 5. Bb5 d4 6. Ne2 Bd6 7. d3 h6 8. c3
dxc3 9. Bxc6+ bxc6 10. bxc3 O-O 11. Ng3 Re8 12. O-O a5 13. Re1 Ba6 14. c4 Bc5
15. Qc2 Qd7 16. Be3 Bd4 17. Bxd4 exd4 18. e5 Nh7 19. Ne4 Qe7 20. Qa4 Bb7 21.
Rab1 Ra7 22. Nxd4 Rd8 23. Rxb7 Rxb7 24. Nxc6 Qe8 25. Nc5 Rb2 26. Nxd8 Qxd8 27.
Rf1 Ng5 28. h4 Nf3+ 29. gxf3 Qxh4 30. Ne4 1-0

[Event "XX Miedzynarodowy Festiwal Szachowy w P"]
[Site "Poznan"]
[Date "2011.08.14"]
[Round "9.5"]
[White "Bajerlein, Dawid"]
[Black "Musialkiewicz, Jan"]
[Result "1/2-1/2"]
[WhiteElo "2016"]
[BlackElo "2150"]
[PlyCount "66"]
[EventDate "2011.08.07"]
[EventType "swiss"]
[EventRounds "9"]
[EventCountry "POL"]

1. d4 d5 2. c4 c6 3. Nf3 Nf6 4. Nc3 e6 5. Bg5 dxc4 6. e4 b5 7. e5 h6 8. Bh4 g5
9. Nxg5 hxg5 10. Bxg5 Nbd7 11. exf6 Bb7 12. g3 c5 13. d5 Qb6 14. Bg2 O-O-O 15.
O-O b4 16. Na4 Qa6 17. b3 c3 18. a3 Bxd5 19. Bxd5 Ne5 20. axb4 Rxd5 21. Nxc3
Rxd1 22. Rxa6 Nf3+ 23. Kg2 Rxf1 24. Kxf1 Kb7 25. Ra5 Nxg5 26. bxc5 Nf3 27. h4
Rh6 28. Ne4 Nh2+ 29. Ke2 Ng4 30. Rb5+ Kc7 31. Ra5 Kb7 32. Rb5+ Kc7 33. Ra5 Kb7
1/2-1/2

[Event "XX Miedzynarodowy Festiwal Szachowy w P"]
[Site "Poznan"]
[Date "2011.08.14"]
[Round "9.6"]
[White "Przybylski, Wojciech"]
[Black "Nawrocki, Przemyslaw"]
[Result "1-0"]
[WhiteElo "2356"]
[BlackElo "2059"]
[PlyCount "75"]
[EventDate "2011.08.07"]
[EventType "swiss"]
[EventRounds "9"]
[EventCountry "POL"]

1. e4 c5 2. Nf3 d6 3. d4 cxd4 4. Nxd4 Nf6 5. Nc3 a6 6. Be2 e6 7. O-O b5 8. Bf3
Ra7 9. Be3 Rd7 10. Qe2 Bb7 11. a3 Be7 12. g4 d5 13. e5 Ne4 14. Bg2 Nxc3 15.
bxc3 Qc7 16. Qd2 O-O 17. f4 Rc8 18. Ne2 Nc6 19. Rf3 Na5 20. Bd4 Bc5 21. Rh3 Nc4
22. Qd3 g6 23. Qg3 f5 24. gxf5 exf5 25. e6 Re7 26. Qxg6+ Rg7 27. Qxf5 Nd6 28.
Qe5 Qe7 29. Rg3 Bxd4+ 30. Nxd4 Ne4 31. Bxe4 Rxg3+ 32. hxg3 dxe4 33. Nf5 Qc5+
34. Qxc5 Rxc5 35. e7 Bc6 36. Nd6 Rxc3 37. f5 Rxg3+ 38. Kh2 1-0

[Event "XX Miedzynarodowy Festiwal Szachowy w P"]
[Site "Poznan"]
[Date "2011.08.14"]
[Round "9.8"]
[White "Niekras, Dawid"]
[Black "Kowara, Magdalena"]
[Result "0-1"]
[WhiteElo "1797"]
[BlackElo "1876"]
[PlyCount "150"]
[EventDate "2011.08.07"]
[EventType "swiss"]
[EventRounds "9"]
[EventCountry "POL"]

1. e4 e5 2. Nf3 Nc6 3. Bb5 a6 4. Bxc6 bxc6 5. O-O d6 6. d4 exd4 7. Qxd4 c5 8.
Qd3 Be7 9. c4 Be6 10. Nc3 Bf6 11. Be3 Ne7 12. b3 Nc6 13. Ne1 O-O 14. f4 a5 15.
Nf3 a4 16. f5 Bd7 17. g4 axb3 18. axb3 Nb4 19. Qd2 Qe7 20. Nd5 Nxd5 21. Rxa8
Rxa8 22. Qxd5 Re8 23. Nd2 Bc3 24. Rf4 Rb8 25. Qd3 Be5 26. Rf2 Bc6 27. Bf4 Ra8
28. Bxe5 Qxe5 29. Kg2 Ra1 30. h3 Ra2 31. Kf3 Ra3 32. Kg2 Ra1 33. Re2 Rd1 34.
Qe3 h6 35. Nf3 Qa1 36. Re1 Rxe1 37. Nxe1 Qb2+ 38. Kg3 Qe5+ 39. Kf3 Qh2 40. Nd3
Qxh3+ 41. Kf4 Qh2+ 42. Kf3 Qh3+ 43. Kf4 Qxe3+ 44. Kxe3 Kf8 45. Kf4 Ke7 46. Ne1
Bb7 47. Nd3 g6 48. Ne1 g5+ 49. Kf3 f6 50. Ke3 Bc6 51. Nd3 Be8 52. Nf2 h5 53.
Kf3 c6 54. Nd3 Bf7 55. Kg3 hxg4 56. Kxg4 d5 57. exd5 cxd5 58. Nxc5 dxc4 59.
bxc4 Bxc4 60. Ne4 Be2+ 61. Kh3 Bd3 62. Ng3 Kd6 63. Kg4 Ke5 64. Kf3 Bxf5 65. Ke3
Bg6 66. Nf1 f5 67. Nd2 f4+ 68. Kf3 Bh5+ 69. Kf2 g4 70. Nf1 Be8 71. Kg2 Bc6+ 72.
Kf2 Kd4 73. Kg1 g3 74. Nd2 f3 75. Nb3+ Ke3 0-1

[Event "XX Miedzynarodowy Festiwal Szachowy w P"]
[Site "Poznan"]
[Date "2011.08.14"]
[Round "9.10"]
[White "Glatty, Zbigniew"]
[Black "Dzwikowski, Adam"]
[Result "0-1"]
[WhiteElo "1950"]
[BlackElo "2013"]
[PlyCount "154"]
[EventDate "2011.08.07"]
[EventType "swiss"]
[EventRounds "9"]
[EventCountry "POL"]

1. d4 Nf6 2. c4 c5 3. Nf3 g6 4. Nc3 Bg7 5. e4 O-O 6. Be2 d6 7. O-O Nc6 8. d5
Na5 9. h3 b6 10. Be3 Ba6 11. b3 e5 12. Qd2 Nh5 13. Bh6 Nf4 14. Bxg7 Kxg7 15.
Kh2 Bc8 16. Rfe1 f5 17. Qe3 h5 18. h4 Nxe2 19. Qxe2 f4 20. Qd3 Qf6 21. Ne2 Nb7
22. Neg1 Nd8 23. Ng5 Nf7 24. N1f3 Bg4 25. Nxf7 Rxf7 26. Ng5 Re7 27. Kg1 Rf8 28.
a4 Kh6 29. Ra2 Ree8 30. Rea1 Qd8 31. Kf1 Qc8 32. Ke1 Re7 33. Kd2 Rc7 34. Qc2
Rf6 35. Ra3 Qe8 36. Qd3 Rb7 37. Qc2 Bc8 38. Qc3 Qd7 39. f3 Qe8 40. Ke2 Bd7 41.
Qd2 Rf8 42. Kf2 Qe7 43. Ke2 Rfb8 44. Kd3 Be8 45. Qa2 Qd8 46. Kc3 a6 47. Kc2 Qe7
48. Kc3 Qc7 49. Ne6 Qe7 50. Ng5 Bd7 51. Kc2 Bc8 52. Kc3 Qc7 53. Kc2 b5 54. axb5
axb5 55. Ra7 bxc4 56. Rxb7 Qxb7 57. bxc4 Qb4 58. Nf7+ Kg7 59. Nxd6 Bd7 60. Qa7
Kf8 61. Qa3 Qb6 62. Nb5 Bxb5 63. cxb5 Qxb5 64. Rd1 Qc4+ 65. Kd2 Qd4+ 66. Kc1
Qc4+ 67. Kd2 Rb3 68. Qc1 Qd4+ 69. Ke1 Qg1+ 70. Ke2 Qxg2+ 71. Ke1 Qh1+ 72. Ke2
Qxf3+ 73. Ke1 Qxe4+ 74. Kf1 Rf3+ 75. Kg1 Rg3+ 76. Kf1 Qh1+ 77. Ke2 Qh2+ 0-1

[Event "XX Miedzynarodowy Festiwal Szachowy w P"]
[Site "Poznan"]
[Date "2011.08.14"]
[Round "9.11"]
[White "Hemmerling, Jaroslaw"]
[Black "Wesolowski, Edgar"]
[Result "1/2-1/2"]
[WhiteElo "1994"]
[BlackElo "1983"]
[PlyCount "55"]
[EventDate "2011.08.07"]
[EventType "swiss"]
[EventRounds "9"]
[EventCountry "POL"]

1. e4 c5 2. Ne2 d6 3. c4 e5 4. d3 Nf6 5. Nbc3 Be7 6. h3 Nc6 7. Be3 Be6 8. Qd2
a6 9. f4 Rb8 10. f5 Bd7 11. g4 h6 12. Bg2 b5 13. Bf3 Nh7 14. Nd5 Bh4+ 15. Kf1
bxc4 16. dxc4 Qa5 17. Qxa5 Nxa5 18. b3 Rb7 19. Bf2 Bxf2 20. Kxf2 Nc6 21. h4 Nf6
22. Nec3 Nxd5 23. Nxd5 Nd4 24. Rab1 Bc6 25. Rhc1 Bxd5 26. cxd5 Nxf3 27. Kxf3
Kd7 28. Ke3 1/2-1/2

[Event "XX Miedzynarodowy Festiwal Szachowy w P"]
[Site "Poznan"]
[Date "2011.08.14"]
[Round "9.12"]
[White "Opolski, Wojciech"]
[Black "Szuminski, Marek"]
[Result "0-1"]
[WhiteElo "1713"]
[BlackElo "2066"]
[PlyCount "59"]
[EventDate "2011.08.07"]
[EventType "swiss"]
[EventRounds "9"]
[EventCountry "POL"]

1. d4 d5 2. c4 e6 3. Nc3 Nf6 4. Bg5 Be7 5. e3 Nbd7 6. Nf3 O-O 7. Be2 dxc4 8.
Bxc4 b6 9. O-O Bb7 10. Bd3 c5 11. Qe2 cxd4 12. exd4 Nd5 13. Qe4 g6 14. Bh6 Re8
15. a3 N7f6 16. Qe2 Nxc3 17. bxc3 Qc7 18. Rfc1 Bd6 19. Ne5 Nh5 20. g4 Nf6 21.
f3 Bxe5 22. dxe5 Nd7 23. Bb5 Bxf3 24. Qf2 Bc6 25. Rf1 f5 26. Bxc6 Qxc6 27. gxf5
exf5 28. Rae1 Nxe5 29. Re3 Ng4 30. Qa2+ 0-1

[Event "XX Miedzynarodowy Festiwal Szachowy w P"]
[Site "Poznan"]
[Date "2011.08.14"]
[Round "9.13"]
[White "Wesolowska, Katarzyna"]
[Black "Kaluzny, Wlodzimierz"]
[Result "1-0"]
[WhiteElo "1739"]
[BlackElo "2114"]
[PlyCount "111"]
[EventDate "2011.08.07"]
[EventType "swiss"]
[EventRounds "9"]
[EventCountry "POL"]

1. e4 e6 2. d4 d5 3. e5 c5 4. c3 Nc6 5. Nf3 Bd7 6. a3 cxd4 7. cxd4 Qb6 8. b4
Nge7 9. Nc3 Ng6 10. Na4 Qd8 11. Nc5 Bxc5 12. bxc5 b6 13. cxb6 axb6 14. Bd3 Na5
15. O-O Nc4 16. a4 b5 17. Bg5 f6 18. exf6 gxf6 19. Bh6 Nb2 20. Qc2 Nxd3 21.
Qxd3 Rxa4 22. Rab1 Kf7 23. h4 Ne7 24. Rfe1 Nf5 25. Bd2 Rg8 26. Bb4 Rg4 27. g3
Qg8 28. Kh2 Ra2 29. Bd2 Qg6 30. Qc3 Kg8 31. Ra1 Ra4 32. Rxa4 bxa4 33. Qc7 Qf7
34. Bf4 h5 35. Rb1 Kh7 36. Rb7 Rg7 37. Qd8 Nh6 38. Kg2 Ng4 39. Bd6 Qe8 40. Qa5
Bc6 41. Rb8 Qg6 42. Qd8 Qc2 43. Ng5+ fxg5 44. Qh8+ Kg6 45. Rf8 Qe4+ 46. Rf3 Nf6
47. hxg5 Nh7 48. Be5 Qxf3+ 49. Kxf3 Nxg5+ 50. Ke3 Rb7 51. Qf6+ Kh7 52. Qxg5 a3
53. Qxh5+ Kg8 54. Qg6+ Kf8 55. Bd6+ Re7 56. Bxa3 1-0

[Event "XX Miedzynarodowy Festiwal Szachowy w P"]
[Site "Poznan"]
[Date "2011.08.14"]
[Round "9.14"]
[White "Kowalczuk, Mikolaj"]
[Black "Gajdamowicz, Adrian"]
[Result "1/2-1/2"]
[WhiteElo "1932"]
[BlackElo "1533"]
[PlyCount "62"]
[EventDate "2011.08.07"]
[EventType "swiss"]
[EventRounds "9"]
[EventCountry "POL"]

1. d4 Nf6 2. c4 c5 3. d5 b5 4. cxb5 a6 5. e3 axb5 6. Bxb5 Qa5+ 7. Nc3 Ba6 8.
Bxa6 Nxa6 9. Nge2 g6 10. O-O Qc7 11. e4 d6 12. Ng3 Bg7 13. h4 O-O 14. h5 Rfb8
15. a4 c4 16. Nb5 Qc8 17. Nd4 Nc5 18. Nc6 Rb7 19. Qc2 Qg4 20. hxg6 hxg6 21.
Qxc4 Nfxe4 22. Nxe4 Qxe4 23. Qxe4 Nxe4 24. Re1 Nc5 25. Nxe7+ Kf8 26. Bf4 Nd3
27. Bxd6 Nxe1 28. Rxe1 Bxb2 29. Nxg6+ Kg7 30. Nf4 Rxa4 31. g3 Ra1 1/2-1/2

[Event "XX Miedzynarodowy Festiwal Szachowy w P"]
[Site "Poznan"]
[Date "2011.08.14"]
[Round "9.15"]
[White "Kowalewicz, Kacper"]
[Black "Magnucka, Arleta"]
[Result "1/2-1/2"]
[WhiteElo "1667"]
[BlackElo "1924"]
[PlyCount "49"]
[EventDate "2011.08.07"]
[EventType "swiss"]
[EventRounds "9"]
[EventCountry "POL"]

1. Nf3 g6 2. g3 Bg7 3. Bg2 Nf6 4. O-O O-O 5. d4 d6 6. b3 c5 7. e3 Nc6 8. Bb2
Qc7 9. c4 a6 10. Nc3 Bf5 11. Re1 Rab8 12. h3 b5 13. e4 Bc8 14. cxb5 axb5 15.
dxc5 dxc5 16. e5 Ne8 17. Nd5 Qa7 18. a4 bxa4 19. Rxa4 Qb7 20. Ba3 e6 21. Nf6+
Nxf6 22. exf6 Bxf6 23. Ne5 Bxe5 24. Rxe5 Qd7 25. Qxd7 1/2-1/2

[Event "XX Miedzynarodowy Festiwal Szachowy w P"]
[Site "Poznan"]
[Date "2011.08.14"]
[Round "9.16"]
[White "Gajdamowicz, Patrick"]
[Black "Slavov, Wiktor"]
[Result "1-0"]
[WhiteElo "1903"]
[BlackElo "1559"]
[PlyCount "55"]
[EventDate "2011.08.07"]
[EventType "swiss"]
[EventRounds "9"]
[EventCountry "POL"]

1. d4 d5 2. c4 dxc4 3. e3 Nf6 4. Bxc4 e6 5. Nc3 c5 6. Nf3 Nc6 7. O-O cxd4 8.
exd4 Be7 9. Bf4 O-O 10. Re1 Nh5 11. Be3 g6 12. d5 Na5 13. Bf1 Nf6 14. Bh6 Re8
15. Bb5 Bc5 16. Bxe8 Bxf2+ 17. Kxf2 Ng4+ 18. Kf1 Nxh6 19. Bb5 a6 20. Be2 Nf5
21. Bd3 exd5 22. Bxf5 Bxf5 23. Nxd5 Be6 24. Ne3 Qb6 25. Qd4 Qb5+ 26. Kg1 Nc6
27. Qc3 Rc8 28. Nd4 1-0

[Event "XX Miedzynarodowy Festiwal Szachowy w P"]
[Site "Poznan"]
[Date "2011.08.14"]
[Round "9.17"]
[White "Grabianowski, Krystian"]
[Black "Sklepinski, Artur"]
[Result "1-0"]
[WhiteElo "1860"]
[BlackElo "1751"]
[PlyCount "77"]
[EventDate "2011.08.07"]
[EventType "swiss"]
[EventRounds "9"]
[EventCountry "POL"]

1. Nh3 e5 2. g3 d5 3. f4 Bd6 4. fxe5 Bxe5 5. d4 Bd6 6. Nc3 Nf6 7. Bg5 Be7 8.
Nf4 c6 9. Bxf6 Bxf6 10. Bg2 O-O 11. O-O Qb6 12. e3 Qxb2 13. Qd3 Na6 14. Rab1
Qa3 15. Ncxd5 Qd6 16. Nxf6+ Qxf6 17. e4 Qe7 18. c3 Nc7 19. e5 Ne6 20. Be4 Ng5
21. Bg2 Ne6 22. h4 Nxf4 23. Rxf4 Be6 24. Be4 h6 25. Rbf1 Rad8 26. Qe3 Bd5 27.
Bc2 Rd6 28. Qf2 Rd7 29. Bb1 f5 30. Rxf5 Rc8 31. Qc2 g6 32. Rf6 g5 33. Rg6+ Kh8
34. Rxh6+ Kg8 35. Rff6 Qe8 36. hxg5 Rf7 37. Qh2 Rxf6 38. gxf6 Qe6 39. Rh8+ 1-0

[Event "XX Miedzynarodowy Festiwal Szachowy w P"]
[Site "Poznan"]
[Date "2011.08.14"]
[Round "9.23"]
[White "Koper, Konrad"]
[Black "Kostecki, Samuel"]
[Result "0-1"]
[WhiteElo "1650"]
[BlackElo "1341"]
[PlyCount "85"]
[EventDate "2011.08.07"]
[EventType "swiss"]
[EventRounds "9"]
[EventCountry "POL"]

1. e4 c5 2. Nc3 e6 3. Bc4 a6 4. a4 Nc6 5. d3 b6 6. f4 Bb7 7. Nf3 Qc7 8. O-O
O-O-O 9. Be3 Nge7 10. e5 f6 11. Ne4 Nf5 12. Bd2 fxe5 13. fxe5 Nxe5 14. Nxe5
Qxe5 15. Bf4 Qd4+ 16. Kh1 Ne3 17. Bxe3 Qxe3 18. Re1 Qh6 19. Bb3 Be7 20. Qg4
Rhf8 21. Nc3 Bd6 22. h3 Rf4 23. Qe2 Qxh3+ 24. Kg1 Rg4 25. Ne4 Bh2+ 26. Kh1 Qh4
27. Qxg4 Qxg4 28. Kxh2 Kc7 29. Kg1 h5 30. Re3 h4 31. Rae1 Rh8 32. Rh3 Rh6 33.
c3 Rg6 34. Rh2 h3 35. Bd1 Qh4 36. Re3 Rxg2+ 37. Rxg2 hxg2 38. Kxg2 Bxe4+ 39.
Rxe4 Qg5+ 40. Bg4 Qd2+ 41. Re2 Qxd3 42. Kf2 Qc4 43. a5 0-1

[Event "XX Miedzynarodowy Festiwal Szachowy w P"]
[Site "Poznan"]
[Date "2011.08.14"]
[Round "9.24"]
[White "Chojnacki, Wojciech"]
[Black "Muller, Marcin"]
[Result "1-0"]
[WhiteElo "1501"]
[BlackElo "1665"]
[PlyCount "57"]
[EventDate "2011.08.07"]
[EventType "swiss"]
[EventRounds "9"]
[EventCountry "POL"]

1. e4 e5 2. Nf3 d6 3. d4 Nc6 4. dxe5 dxe5 5. Qxd8+ Kxd8 6. Bb5 Bd6 7. Nc3 h6 8.
Be3 Bg4 9. O-O-O a6 10. Bxc6 bxc6 11. Nxe5 Bxd1 12. Nxf7+ Ke7 13. Nxh8 Bh5 14.
Bd4 Kf8 15. Re1 Ne7 16. a3 c5 17. Bxg7+ Kxg7 18. e5 Rxh8 19. exd6 cxd6 20.
Rxe7+ Kf6 21. Ra7 Ke5 22. Rxa6 Rf8 23. f3 Be8 24. Ra8 Rg8 25. a4 d5 26. a5 Bf7
27. Rxg8 Bxg8 28. a6 Kd6 29. a7 1-0

[Event "XX Miedzynarodowy Festiwal Szachowy w P"]
[Site "Poznan"]
[Date "2011.08.14"]
[Round "9.25"]
[White "Wittig, Zenon"]
[Black "Adamczyk, Wieslaw"]
[Result "1/2-1/2"]
[WhiteElo "1631"]
[BlackElo "1606"]
[PlyCount "61"]
[EventDate "2011.08.07"]
[EventType "swiss"]
[EventRounds "9"]
[EventCountry "POL"]

1. e4 c6 2. d4 d5 3. exd5 cxd5 4. c4 Nf6 5. Nc3 Nc6 6. Nf3 Bg4 7. cxd5 Nxd5 8.
Qb3 Nxc3 9. bxc3 Bxf3 10. gxf3 Qb6 11. Qxb6 axb6 12. a3 e6 13. Bb5 Bd6 14. f4
Ke7 15. O-O Ra5 16. a4 Rha8 17. Bd2 f5 18. Rfe1 Kf6 19. c4 Bb4 20. Bxb4 Nxb4
21. Rad1 Rd8 22. Re2 Na6 23. d5 Nc5 24. f3 exd5 25. cxd5 Nxa4 26. Re6+ Kf7 27.
Bxa4 Rxa4 28. Rxb6 Rd7 29. Rdb1 Rd4 30. Rxb7 R4xd5 31. Kf2 1/2-1/2